[Event "It"]
[Site "masterchessopen.com Beer-Sheva (Israel)"]
[Round "4"]
[White "Kraidman Yair (ISR)"]
[Black "Giterman Shlomo (ISR)"]
[Result "1-0"]
[WhiteElo "2465"]
[BlackElo "2335"]

1.d4 Nf6 2.c4 e6 3.Nc3 Bb4 4.e3 c5 5.Bd3 O-O 6.Nf3 d5 7.O-O dxc4 8.Bxc4 Nbd7
9.Qd3 a6 10.a4 Ba5 11.Rd1 Qe7 12.Bd2 Bc7 13.Rac1 b6 14.d5 e5 15.e4 Bd6 16.Bg5
h6 17.Nh4 Re8 18.Nf5 Qf8 19.Bd2 Kh7 20.Ne2 Ng8 21.Qf3 f6 22.h4 g6 23.Nxd6 Qxd6
24.h5 g5 25.Ng3 Nf8 26.Be2 Ne7 27.b4 Bd7 28.bxc5 bxc5 29.Qa3 Rec8 30.Be3 {#r}
1-0

[Event "It"]
[Site "masterchessopen.com Halle (Germany)"]
[Round "0"]
[White "Knaak Rainer (GER)"]
[Black "Balashov Yuri S (RUS)"]
[Result "1-0"]
[WhiteElo "2520"]
[BlackElo "2545"]

1.d4 e6 2.c4 Bb4+ 3.Nc3 Nf6 4.e3 c5 5.Bd3 d5 6.Nf3 O-O 7.O-O dxc4 8.Bxc4 Nbd7
9.Qe2 a6 10.a4 Qc7 11.Na2 b5 12.Bd3 Ba5 13.axb5 axb5 14.Bxb5 Bb7 15.Nc3 cxd4
16.Nxd4 Qd6 17.Ra4 Nb6 18.Ra3 Nbd5 19.Nxd5 Bxd5 20.Bd3 Bc7 21.f4 Bb6 22.Nb5
Qc5 23.Rxa8 Rxa8 24.Nc3 Bc6 25.Bd2 Rd8 26.Rd1 g6 27.Kh1 Ng4 28.Bxg6 hxg6
29.Qxg4 Qc4 30.h4 Rxd2 31.Rxd2 Qf1+ 32.Kh2 Bxe3 33.Rd8+ Kg7 34.Ne2 Be4 35.h5
Bf5 36.h6+ Kh7 37.Qg5 {#r} 1-0

[Event "It (cat.8)"]
[Site "masterchessopen.com Reykjavik (Iceland)"]
[Round "0"]
[White "Timman Jan H (NED)"]
[Black "Keene Raymond D (ENG)"]
[Result "1-0"]
[WhiteElo "2550"]
[BlackElo "2460"]

1.d4 Nf6 2.c4 e6 3.Nc3 Bb4 4.e3 O-O 5.Bd3 c5 6.Nf3 d5 7.O-O dxc4 8.Bxc4 Nbd7
9.a3 cxd4 10.axb4 dxc3 11.bxc3 Qc7 12.Qb3 Nb6 13.Be2 e5 14.c4 Be6 15.Ra5 Nfd7
16.Ng5 Bxc4 17.Qc2 g6 18.f4 Rac8 19.fxe5 Bxe2 20.Qxe2 Nxe5 21.Ne4 Nbd7 22.Rxa7
Qb6 23.Ra5 Qxb4 24.Rxe5 Rxc1 25.Nf6+ Nxf6 26.Rxc1 Ng4 27.Rb5 Qe4 28.h3 Ne5
29.Qd2 Nc4 30.Qd4 Qxe3+ 31.Qxe3 Nxe3 32.g4 f5 33.Kf2 f4 34.Rc7 f3 35.Rbxb7
{#r} 1-0

[Event "It"]
[Site "masterchessopen.com Hastings (England)"]
[Round "4"]
[White "Farago Ivan (HUN)"]
[Black "Damjanovic Mato (CRO)"]
[Result "1-0"]
[WhiteElo "2500"]
[BlackElo "2430"]

1.d4 Nf6 2.c4 e6 3.Nc3 Bb4 4.e3 c5 5.Bd3 d5 6.Nf3 O-O 7.O-O dxc4 8.Bxc4 Nbd7
9.Bd3 cxd4 10.exd4 b6 11.a3 Be7 12.Re1 Bb7 13.Bc2 a6 14.Qd3 Re8 15.Bg5 Nf8
16.Rad1 Nd5 17.Bc1 Rc8 18.Bb3 b5 19.a4 Bb4 20.Bd2 Bxc3 21.bxc3 Qc7 22.axb5
axb5 23.Rc1 Ng6 24.Qxb5 Ndf4 25.Bxf4 Nxf4 26.Bd1 Bd5 27.Re3 Rb8 28.Qa4 Ra8
29.Qb5 Reb8 30.Qc5 Qd8 31.c4 Ra5 32.cxd5 Rxc5 33.dxc5 Nxd5 34.Rd3 Qf6 35.Rd4
g5 36.g3 Rb4 37.Rxb4 Nxb4 38.c6 Qb2 39.Rc4 Nxc6 40.Rxc6 {#r} 1-0

[Event "?"]
[Site "masterchessopen.com Polanica Zdroj (Poland)"]
[Round "0"]
[White "Farago Ivan (HUN)"]
[Black "Pokojowczyk Jerzy (POL)"]
[Result "1-0"]
[WhiteElo "2500"]
[BlackElo "2345"]

1.d4 Nf6 2.c4 e6 3.Nc3 Bb4 4.e3 c5 5.Bd3 O-O 6.Nf3 d5 7.O-O dxc4 8.Bxc4 Nbd7
9.Qe2 b6 10.d5 Bxc3 11.dxe6 Ne5 12.exf7+ Kh8 13.bxc3 Bg4 14.e4 Qe7 15.Re1 b5
16.Bxb5 Qe6 17.Ng5 Bxe2 18.Nxe6 Bxb5 19.Nxf8 Rxf8 20.Ba3 Rxf7 21.Bxc5 Nd3
22.Reb1 Bc6 23.Rb8+ Ng8 24.Be3 Bxe4 25.f3 Bc6 26.Rd8 Bb5 27.Rd1 Nf4 28.Bxf4
Rxf4 29.R1d4 Rxd4 30.Rxd4 h6 31.c4 Ba6 32.c5 Ne7 33.Ra4 {#r} 1-0

[Event "?"]
[Site "masterchessopen.com Yugoslavia"]
[Round "0"]
[White "Gligoric Svetozar (SRB)"]
[Black "Parma Bruno (SLO)"]
[Result "1-0"]
[WhiteElo "2565"]
[BlackElo "2530"]

1.d4 Nf6 2.c4 e6 3.Nc3 Bb4 4.e3 c5 5.Bd3 O-O 6.Nf3 d5 7.O-O dxc4 8.Bxc4 Nbd7
9.Qe2 cxd4 10.exd4 b6 11.Bg5 Bxc3 12.bxc3 Qc7 13.Bd3 Bb7 14.c4 h6 15.Bd2 Rfe8
16.Rfe1 Qd6 17.Rad1 Rad8 18.Bc1 Qc6 19.Bb2 Qc7 20.h3 Qf4 21.Bc1 Qc7 22.Qe3 Qc6
23.Bf1 Qc7 24.Bb2 Rc8 25.Rc1 Qc6 26.Qb3 Qc7 27.Ne5 Nxe5 28.Rxe5 Nd7 29.Ree1
Qf4 30.Rcd1 Nf6 31.Bc1 Qc7 32.Be3 Nd7 33.a4 Nf6 34.Ra1 Ne4 35.a5 Nd6 36.axb6
axb6 37.Bf4 Qc6 38.d5 exd5 39.cxd5 Qc5 40.Be3 Qc3 41.Qxb6 Qe5 42.Qb4 Qf6
43.Bd4 Qf4 44.g3 Qf3 45.Bg2 Qd3 46.Qxd6 Qxd4 47.Qd7 {#r} 1-0

[Event "Ch Hungary"]
[Site "masterchessopen.com Budapest (Hungary)"]
[Round "0"]
[White "Pinter Jozsef (HUN)"]
[Black "Horvath Tamas I (HUN)"]
[Result "1-0"]
[WhiteElo "2547"]
[BlackElo "2318"]

1.d4 Nf6 2.c4 e6 3.Nc3 Bb4 4.e3 O-O 5.Bd3 d5 6.Nf3 c5 7.O-O dxc4 8.Bxc4 Nbd7
9.Qe2 b6 10.Rd1 cxd4 11.exd4 Bb7 12.Bd3 Bxc3 13.bxc3 Qc7 14.c4 Rfe8 15.Bb2 h6
16.Re1 Bc6 17.Rad1 a6 18.Ne5 Nxe5 19.dxe5 Nd7 20.Bb1 Rad8 21.Rd6 f5 22.Red1
Nc5 23.f3 Nb7 24.R6d4 Ba4 25.R1d2 Rxd4 26.Rxd4 Rd8 27.g4 Rxd4 28.Bxd4 fxg4
29.Qd3 Be8 30.fxg4 Nc5 31.Qh7+ Kf8 32.Qh8+ Kf7 33.Bh7 Nd7 34.Bg6+ Kxg6
35.Qxe8+ Kh7 36.Qxe6 b5 37.Qf7 Qa5 38.Qxd7 Qe1+ 39.Kg2 Qd2+ 40.Kh3 Qd3+ 41.Kh4
{#r} 1-0

[Event "Olympiad"]
[Site "masterchessopen.com Buenos Aires (Argentina)"]
[Round "0"]
[White "Woodhams Michael (AUS)"]
[Black "Parma Bruno (SLO)"]
[Result "0-1"]
[WhiteElo "2385"]
[BlackElo "2540"]

1.d4 Nf6 2.c4 e6 3.Nc3 Bb4 4.e3 c5 5.Bd3 O-O 6.Nf3 d5 7.O-O dxc4 8.Bxc4 Nbd7
9.Qe2 b6 10.d5 Bxc3 11.dxe6 Ne5 12.bxc3 Nxf3+ 13.Qxf3 Bxe6 14.Bxe6 fxe6 15.Qe2
Qd7 16.f3 Rad8 17.Qc4 Qd5 18.Qxd5 Rxd5 19.Rb1 Rd3 20.Rb3 c4 21.Ra3 a5 22.Re1
Ra8 23.e4 b5 24.Kf2 a4 25.Re2 e5 26.Rb2 Ra5 27.Be3 Nd7 28.Bg5 Kf7 29.Ke2 Ke8
30.g3 h6 31.Be3 Ke7 32.f4 Kd6 33.fxe5+ Kc6 34.Bd4 Nc5 35.Rb1 Ra8 36.Rf1 Ne6
37.Rf3 b4 {#R} 0-1

[Event "It"]
[Site "masterchessopen.com Halle (Germany)"]
[Round "10"]
[White "Knaak Rainer (GER)"]
[Black "Malich Burkhard Dr (GER)"]
[Result "1-0"]
[WhiteElo "2482"]
[BlackElo "2535"]

1.d4 Nf6 2.c4 e6 3.Nc3 Bb4 4.e3 O-O 5.Bd3 d5 6.Nf3 c5 7.O-O dxc4 8.Bxc4 Nbd7
9.Qe2 a6 10.a4 cxd4 11.exd4 Nb6 12.Bd3 Nbd5 13.Bd2 Ba5 14.Rac1 Bd7 15.Nxd5
exd5 16.Bg5 h6 17.Bh4 Bg4 18.Qe3 Bb6 19.Ne5 Bc8 20.Bb1 Qd6 21.Kh1 Re8 22.Qd3
Bd8 23.Bxf6 Bxf6 24.Qh7+ Kf8 25.Nxf7 Kxf7 26.Bg6+ Ke7 27.Bxe8 Kxe8 28.Qg8+ Qf8
29.Rfe1+ Be7 30.Rxe7+ Kxe7 31.Re1+ Be6 32.Qxe6+ {#r} 1-0

[Event "It (open)"]
[Site "masterchessopen.com Lone Pine (USA)"]
[Round "0"]
[White "Youngworth Perry (USA)"]
[Black "Olafsson Helgi (ISL)"]
[Result "0-1"]
[WhiteElo "2215"]
[BlackElo "2270"]

1.d4 Nf6 2.c4 e6 3.Nc3 Bb4 4.e3 c5 5.Bd3 d5 6.Nf3 dxc4 7.Bxc4 Nbd7 8.O-O O-O
9.Qe2 b6 10.Rd1 cxd4 11.exd4 Bb7 12.Ne5 Rc8 13.Bg5 Bxc3 14.bxc3 Qc7 15.Bxf6
Nxf6 16.Rac1 Nd7 17.Nxd7 Qxd7 18.Bd3 Rc7 19.Bb1 Rfc8 20.Qd3 g6 21.Re1 Qd5
22.f3 Qa5 23.Re3 Bd5 24.Qd2 b5 25.Rc2 b4 26.cxb4 Rxc2 27.Bxc2 Qxa2 28.Re2 Qa1+
29.Kf2 Rc4 30.Be4 Rxd4 31.Qg5 Bxe4 32.Rxe4 Qb2+ 33.Re2 Qxb4 34.g3 Rd5 {#R} 0-1

[Event "Ch Belarus"]
[Site "masterchessopen.com Minsk (Belarus)"]
[Round "9"]
[White "Mochalov Evgeny V (BLR)"]
[Black "Yuferov Sergey N (RUS)"]
[Result "0-1"]
[WhiteElo "2379"]
[BlackElo "2412"]

1.d4 Nf6 2.c4 e6 3.Nc3 Bb4 4.Nf3 c5 5.e3 O-O 6.Be2 d5 7.O-O dxc4 8.Bxc4 Nbd7
9.a3 cxd4 10.exd4 Bxc3 11.bxc3 Qc7 12.Qe2 b6 13.Bd2 Bb7 14.Bd3 h6 15.Rfe1 Rac8
16.a4 Bd5 17.Ne5 Nxe5 18.dxe5 Nh7 19.Qg4 f5 20.exf6 Nxf6 21.Qh3 Qf7 22.Qh4
Rcd8 23.Re3 Ng4 24.Qxg4 Qxf2+ 25.Kh1 Qxd2 26.Rg3 Rf7 27.Rd1 Qf4 28.Qg6 Be4
{#R} 0-1

[Event "?"]
[Site "masterchessopen.com Budapest (Hungary)"]
[Round "0"]
[White "Sapi Laszlo (HUN)"]
[Black "Kholmov Ratmir D (RUS)"]
[Result "0-1"]
[WhiteElo "2275"]
[BlackElo "2432"]

1.d4 Nf6 2.c4 e6 3.Nc3 Bb4 4.e3 O-O 5.Nf3 d5 6.Bd3 c5 7.O-O dxc4 8.Bxc4 Nbd7
9.a3 cxd4 10.axb4 dxc3 11.bxc3 Qc7 12.Qe2 b6 13.Bb2 Bb7 14.Ba6 Rfc8 15.Nd4 Ne5
16.f3 Bxa6 17.Rxa6 Qc4 18.Qxc4 Nxc4 19.Bc1 Nd5 20.Nb5 Nc7 21.Nxc7 Rxc7 22.Rd1
Kf8 23.Kf2 Ke7 24.e4 Rd8 25.Rd4 e5 26.Rxd8 Kxd8 27.Ke2 Kc8 28.Ra1 Kb7 29.Bd2
Rd7 30.Be3 Kc6 31.Ra2 Kb5 32.Bc1 f6 33.Ra1 Nd6 34.Be3 Nf7 35.Rd1 Rxd1 36.Kxd1
Kc4 37.Kc2 Nd6 38.Bf2 Nb5 39.Be1 a5 40.bxa5 bxa5 41.g4 g5 42.h4 h6 43.h5 a4
44.Bf2 Nxc3 45.Bb6 Ne2 46.Bd8 Nd4+ 47.Kb2 Ne6 48.Bxf6 Kd4 49.Ka3 Ke3 {#R} 0-1

[Event "It (cat.8)"]
[Site "masterchessopen.com Polanica Zdroj (Poland)"]
[Round "5"]
[White "Knaak Rainer (GER)"]
[Black "Farago Ivan (HUN)"]
[Result "1-0"]
[WhiteElo "2565"]
[BlackElo "2510"]

1.d4 e6 2.c4 Nf6 3.Nc3 Bb4 4.e3 O-O 5.Bd3 d5 6.Nf3 c5 7.O-O dxc4 8.Bxc4 Nbd7
9.Qe2 b6 10.Rd1 cxd4 11.exd4 Bb7 12.Bd2 Rc8 13.Bd3 Bd6 14.Nb5 Bb8 15.Bg5 Qe8
16.Ne5 h6 17.Nxd7 Nxd7 18.Bh4 f5 19.f3 Nf6 20.Bg3 Rc6 21.Rac1 f4 22.Bf2 Rxc1
23.Rxc1 Qd7 24.Re1 Bd5 25.Nc3 Bd6 26.a3 Rc8 27.Bg6 Bc4 28.Qd2 Rd8 29.Qc2 Rc8
30.h4 Nd5 31.Nxd5 Bxd5 32.Qd2 Qc6 33.Bb1 Qc4 34.h5 Qb3 35.Qe2 Qc4 36.Bd3 Qc6
37.Be4 Qc4 38.Bxd5 Qxe2 39.Bxe6+ Qxe6 40.Rxe6 Bf8 41.Re2 Rd8 42.Kh2 Rd5 43.Re5
Rxe5 44.dxe5 Kf7 45.Kh3 Ke6 46.Kg4 Kxe5 47.Be1 Bc5 {#r} 1-0

[Event "Ch URS"]
[Site "masterchessopen.com Frunze (Kyrgyzstan)"]
[Round "0"]
[White "Psakhis Lev (ISR)"]
[Black "Kasparov Garry (RUS)"]
[Result "1-0"]
[WhiteElo "2535"]
[BlackElo "2630"]

1.d4 e6 2.c4 Nf6 3.Nc3 Bb4 4.e3 c5 5.Nf3 O-O 6.Bd3 d5 7.O-O dxc4 8.Bxc4 Nbd7
9.Qe2 a6 10.a3 Ba5 11.Ba2 cxd4 12.exd4 Bxc3 13.bxc3 b5 14.a4 Bb7 15.Bd2 Ne4
16.Rfc1 Nd6 17.Bf4 Nf6 18.Nd2 Nf5 19.axb5 Nd5 20.Bg3 axb5 21.Qxb5 Nxc3 22.Rxc3
Nxd4 23.Qd3 Ra4 24.Nc4 Qd5 25.f3 Rfa8 26.Rd1 Rd8 27.Bb1 Nxf3+ 28.gxf3 Qc5+
29.Ne3 Qxe3+ 30.Qxe3 Rxd1+ 31.Kg2 Rxb1 32.Rb3 Rb4 33.Rxb4 Rxb4 34.Qd2 Bxf3+
35.Kxf3 Rb3+ 36.Kg2 h6 37.Qc2 Rb5 38.Kf3 Rf5+ 39.Kg2 h5 40.h4 g5 41.hxg5 Rxg5
42.Kh3 Rf5 43.Qc8+ Kh7 44.Qd7 Kg6 {#r} 1-0

[Event "It"]
[Site "masterchessopen.com Trnava (Slovakia)"]
[Round "0"]
[White "Knaak Rainer (GER)"]
[Black "Vadasz Laszlo (HUN)"]
[Result "1-0"]
[WhiteElo "2495"]
[BlackElo "2470"]

1.d4 Nf6 2.c4 e6 3.Nc3 Bb4 4.e3 c5 5.Bd3 O-O 6.Nf3 d5 7.O-O dxc4 8.Bxc4 Nbd7
9.Qe2 b6 10.d5 Bxc3 11.dxe6 Ne5 12.exf7+ Kh8 13.bxc3 Bg4 14.e4 Qe7 15.Re1 b5
16.Bxb5 Nh5 17.Bc4 Qf6 18.Bd5 Rad8 19.Bg5 Nxf3+ 20.gxf3 Qxg5 21.fxg4 Nf4
22.Qf3 h5 23.h4 {#r} 1-0

[Event "Memorial Em.Lasker"]
[Site "masterchessopen.com Berlin (Germany)"]
[Round "0"]
[White "Knaak Rainer (GER)"]
[Black "Lukacs Peter (HUN)"]
[Result "1-0"]
[WhiteElo "2505"]
[BlackElo "2485"]

1.d4 Nf6 2.c4 e6 3.Nc3 Bb4 4.e3 O-O 5.Bd3 d5 6.Nf3 c5 7.O-O dxc4 8.Bxc4 Nbd7
9.Qe2 b6 10.d5 Bxc3 11.dxe6 Ne5 12.exf7+ Kh8 13.bxc3 Bg4 14.e4 Qe7 15.Re1 b5
16.Bxb5 Nh5 17.Bc4 Qf6 18.Bg5 Bxf3 19.Bxf6 Bxe2 20.Bd5 gxf6 21.Bxa8 Bd3 22.Bd5
Nf4 23.Re3 Ne2+ 24.Kh1 c4 25.Re1 Nxc3 26.Bxc4 Nxe4 27.Rxe4 Bxc4 28.f4 Nd3
29.Re8 Kg7 30.R1e3 Rxf7 31.Kg1 f5 32.Rc8 Rb7 33.h3 Ba6 34.Rc6 Bb5 35.Rg3+ Kf7
36.Rh6 Kf8 37.a4 Bc4 38.Rf6+ Rf7 39.Rc6 Nxf4 40.Rc8+ Ke7 41.Rf3 Ne2+ 42.Kf2
Ba6 43.Rc7+ Kf8 44.Rxf7+ Kxf7 45.Rxf5+ Kg6 46.Ra5 Bc4 47.Rc5 Bd3 48.Rc3 Ba6
{#r} 1-0

[Event "Olympiad"]
[Site "masterchessopen.com Lucerne (Switzerland)"]
[Round "0"]
[White "Korchnoi Viktor (SUI)"]
[Black "Ljubojevic Ljubomir (SRB)"]
[Result "1-0"]
[WhiteElo "2635"]
[BlackElo "2600"]

1.d4 Nf6 2.c4 e6 3.Nc3 Bb4 4.e3 O-O 5.Bd3 d5 6.Nf3 c5 7.O-O dxc4 8.Bxc4 Nbd7
9.a3 Bxc3 10.bxc3 b6 11.Bd3 Bb7 12.Re1 Ne4 13.Bb2 Qc7 14.c4 Rac8 15.Qc2 Ndf6
16.Ne5 Rfd8 17.f3 Nd6 18.Qf2 Nd7 19.d5 exd5 20.cxd5 Bxd5 21.Ng4 Ne8 22.Qh4 Nf8
23.Rad1 f6 24.Ba6 Bb3 25.Rb1 Ng6 26.Qh3 c4 27.Bxc8 Qxc8 28.Rbc1 Qc5 29.Qg3 Nd6
30.Nf2 Nb5 31.Ne4 Qd5 32.Bxf6 Re8 33.Bb2 Qd3 34.h4 Qd5 35.Re2 Qf5 36.Rd2 Ne5
37.a4 Bxa4 38.Rd5 c3 39.Nxc3 Nc7 40.Rxe5 Qxe5 41.Qxe5 Rxe5 42.Nxa4 {#r} 1-0

[Event "It (open)"]
[Site "masterchessopen.com Bela Crkva (Yugoslavia)"]
[Round "0"]
[White "Gudmundsson Elvar (ISL)"]
[Black "Bogoevski Jani (MKD)"]
[Result "1-0"]
[WhiteElo "2316"]
[BlackElo "2217"]

1.d4 Nf6 2.c4 e6 3.Nc3 Bb4 4.e3 O-O 5.Bd3 d5 6.Nf3 c5 7.O-O dxc4 8.Bxc4 Nbd7
9.Qe2 b6 10.a3 cxd4 11.exd4 Bxc3 12.bxc3 Qc7 13.Bb2 Bb7 14.Bd3 Rac8 15.c4 Ng4
16.d5 exd5 17.Bxh7+ Kxh7 18.Ng5+ Kg6 19.Qxg4 f5 20.Qd4 Rg8 21.Nf3 Qxc4 22.Qe3
Kf7 23.Ng5+ Kg6 24.Qe6+ Kxg5 25.f4+ {#r} 1-0

[Event "Match \"]
[Site "masterchessopen.com DDR"]
[Round "0"]
[White "Knaak Rainer (GER)"]
[Black "Suba Mihai (ROM)"]
[Result "0-1"]
[WhiteElo "2490"]
[BlackElo "2555"]

1.d4 Nf6 2.c4 e6 3.Nc3 Bb4 4.e3 c5 5.Bd3 O-O 6.Nf3 d5 7.O-O dxc4 8.Bxc4 Nbd7
9.Qe2 b6 10.Rd1 cxd4 11.exd4 Bb7 12.Bd3 Re8 13.Bg5 Bxc3 14.bxc3 Qc7 15.Rac1 h6
16.Bh4 Nh5 17.Bb5 a6 18.Bxd7 Qxd7 19.c4 Nf4 20.Qe3 Bxf3 21.Qxf3 Ng6 22.Bg3
Rac8 23.Qa3 b5 24.c5 Qc6 25.Qa5 Ne7 26.a4 Nd5 27.Rb1 Red8 28.h3 b4 29.Rxb4
Nxb4 30.Qxb4 Rd7 31.Rb1 Qe4 32.Bd6 Rcd8 33.a5 h5 34.Qb6 h4 35.Be5 Rxd4 36.Bxd4
Rxd4 37.Rc1 Qf4 38.Rb1 Rc4 39.Qd6 Qf5 40.Rb8+ Kh7 {#R} 0-1

[Event "?"]
[Site "masterchessopen.com Hungary"]
[Round "0"]
[White "Petran Pal (HUN)"]
[Black "Sax Gyula (HUN)"]
[Result "0-1"]
[WhiteElo "2384"]
[BlackElo "2570"]

1.d4 Nf6 2.c4 e6 3.Nc3 Bb4 4.e3 O-O 5.Bd3 d5 6.Nf3 c5 7.O-O dxc4 8.Bxc4 Nbd7
9.Qe2 b6 10.Rd1 cxd4 11.exd4 Bb7 12.Bd3 Rc8 13.Bd2 Bd6 14.Ba6 Qc7 15.Rac1 Qb8
16.Re1 Bxa6 17.Qxa6 e5 18.Bg5 exd4 19.Bxf6 Nxf6 20.Nb5 Bc5 21.Qxa7 Qf4 22.Qa4
Ne4 23.Nbxd4 Bxd4 24.Rxc8 Bxf2+ 25.Kf1 Nd2+ 26.Kxf2 Qxa4 {#R} 0-1

[Event "?"]
[Site "masterchessopen.com Silkeborg (Denmark)"]
[Round "16"]
[White "Scheeren Peter (NED)"]
[Black "Brinck-Claussen Bjorn (DEN)"]
[Result "1-0"]
[WhiteElo "2455"]
[BlackElo "2385"]

1.d4 Nf6 2.c4 e6 3.Nc3 Bb4 4.e3 O-O 5.Bd3 d5 6.Nf3 c5 7.O-O dxc4 8.Bxc4 Nbd7
9.Qe2 a6 10.a3 Ba5 11.Bd3 Qe7 12.Ne4 Bc7 13.Nxf6+ Nxf6 14.e4 e5 15.d5 b5 16.b3
Bd7 17.Be3 Bd6 18.a4 Rfb8 19.axb5 axb5 20.Bg5 Rxa1 21.Rxa1 h6 22.Bd2 Qe8
23.Ra6 Qe7 24.Bc3 b4 25.Bb2 Bg4 26.h3 Bxf3 27.Qxf3 Nd7 28.Ra7 Qe8 29.Qf5 Nf8
30.g3 Rb6 31.h4 Bb8 32.Ra5 Rf6 33.Qh5 Bd6 34.Bc1 Qc8 35.Qd1 c4 36.bxc4 Bc5
37.Rxc5 Qxc5 38.Be3 Qc8 39.c5 Ng6 40.d6 Nf8 41.Bb5 Ne6 42.Qd5 {#r} 1-0

[Event "It"]
[Site "masterchessopen.com Albena (Bulgaria)"]
[Round "0"]
[White "Azmaiparashvili Zurab (GEO)"]
[Black "Farago Ivan (HUN)"]
[Result "1-0"]
[WhiteElo "2460"]
[BlackElo "2520"]

1.d4 Nf6 2.c4 e6 3.Nc3 Bb4 4.e3 O-O 5.Bd3 d5 6.Nf3 c5 7.O-O dxc4 8.Bxc4 Nbd7
9.Qe2 b6 10.Rd1 cxd4 11.exd4 Bb7 12.Bg5 Bxc3 13.bxc3 Qc7 14.Bd3 Qxc3 15.Ne5
Qa5 16.Qe3 Qd5 17.Qh3 h6 18.Bc4 Qd6 19.Bf4 Qe7 20.Rd3 Nxe5 21.dxe5 Ne4 22.Bxh6
Ng5 23.Qh5 gxh6 24.Qxh6 f6 25.exf6 Qxf6 26.Qxf6 Rxf6 27.Rg3 Rg6 28.h4 Rc8
29.Rxg5 {#r} 1-0

[Event "It (cat.9)"]
[Site "masterchessopen.com Graz (Austria)"]
[Round "0"]
[White "Flear Glenn C (ENG)"]
[Black "Sax Gyula (HUN)"]
[Result "0-1"]
[WhiteElo "2455"]
[BlackElo "2565"]

1.d4 Nf6 2.c4 e6 3.Nc3 Bb4 4.e3 O-O 5.Bd3 c5 6.Nf3 d5 7.O-O dxc4 8.Bxc4 Nbd7
9.Qd3 a6 10.a4 Qa5 11.Bd2 Rd8 12.Rfd1 Nb6 13.Bb3 Bd7 14.Bc2 Bc6 15.Ne5 Rac8
16.Be1 cxd4 17.exd4 Nbd5 18.Qg3 Ne7 19.Rac1 Ng6 20.h4 Qb6 21.Nc4 Qa7 22.a5 Bf3
23.Qxf3 Rxc4 24.h5 Nh4 25.Qe3 h6 26.Bb3 Nf5 27.Bxc4 Nxe3 28.fxe3 Bxa5 29.Bh4
Qb8 30.Rf1 Ng4 31.Rf4 Nxe3 32.Ne2 {#R} 0-1

[Event "It (open) \"]
[Site "masterchessopen.com Chicago (USA)"]
[Round "3"]
[White "Leverett Bruce W (USA)"]
[Black "Kaminsky Oleg M (USA)"]
[Result "1-0"]
[WhiteElo "2300"]
[BlackElo "2333"]

1.d4 Nf6 2.c4 e6 3.Nc3 Bb4 4.e3 O-O 5.Nf3 c5 6.Bd3 d5 7.O-O dxc4 8.Bxc4 Nbd7
9.a3 Ba5 10.Be2 a6 11.Bd2 Bc7 12.Qc2 cxd4 13.exd4 h6 14.Rac1 Nb6 15.Ne4 Nbd5
16.Ne5 Bb6 17.Nc5 Bc7 18.Bf3 Bd6 19.Rfe1 b6 20.Ne4 Nxe4 21.Bxe4 Bb7 22.Qb3
Bxe5 23.dxe5 Qh4 24.Rc4 Qe7 25.Qg3 f5 26.exf6 {#r} 1-0

[Event "It (cat.9)"]
[Site "masterchessopen.com Dresden (Germany)"]
[Round "0"]
[White "Knaak Rainer (GER)"]
[Black "Enders Peter (GER)"]
[Result "0-1"]
[WhiteElo "2525"]
[BlackElo "2330"]

1.d4 Nf6 2.c4 e6 3.Nc3 Bb4 4.e3 O-O 5.Bd3 d5 6.Nf3 c5 7.O-O dxc4 8.Bxc4 Nbd7
9.Qe2 cxd4 10.exd4 Bxc3 11.bxc3 b6 12.Ne5 Bb7 13.Bg5 Qc7 14.Nxd7 Nxd7 15.Rac1
Rac8 16.Bd3 Rfe8 17.Qg4 Nf8 18.Rfe1 Ng6 19.Bb5 Bc6 20.Bxc6 Qxc6 21.h4 f5
22.Qg3 Qc7 23.Qf3 Qc6 24.Qh3 Qd7 25.h5 Nh8 26.Bf4 Nf7 27.Re3 b5 28.a3 Rc6
29.Rce1 Rec8 30.Qf3 Kf8 31.Qe2 Qd5 32.Rxe6 Rxe6 33.Qxe6 Qxe6 34.Rxe6 Rxc3
35.Bd2 Rc8 36.d5 h6 37.d6 Re8 38.Rg6 Ne5 39.Ba5 Nxg6 40.d7 Nf4 {#R} 0-1

[Event "It (open)"]
[Site "masterchessopen.com Prague (Czech Republic)"]
[Round "0"]
[White "Gil Karol"]
[Black "Estrin Yakov B (RUS)"]
[Result "0-1"]
[WhiteElo "2280"]
[BlackElo "2450"]

1.d4 Nf6 2.c4 e6 3.Nc3 Bb4 4.e3 c5 5.Bd3 d5 6.Nf3 O-O 7.O-O dxc4 8.Bxc4 Nbd7
9.Qe2 b6 10.Bd2 Bb7 11.Rfd1 cxd4 12.Nxd4 Qe7 13.a3 Bxc3 14.Bxc3 Nc5 15.Bb4 a5
16.Be1 Rfc8 17.Nb5 Bd5 18.Bxd5 Nxd5 19.e4 Nf4 20.Qf3 e5 21.Rd6 Rd8 22.Rad1
Rxd6 23.Rxd6 Rd8 24.Rxb6 h5 25.Bxa5 Rd3 {#R} 0-1

[Event "Bundesliga 1986/87"]
[Site "masterchessopen.com Germany"]
[Round "0"]
[White "Vogel Robert (GER)"]
[Black "Ribli Zoltan (HUN)"]
[Result "0-1"]
[WhiteElo "2256"]
[BlackElo "2585"]

1.d4 Nf6 2.c4 e6 3.Nc3 Bb4 4.e3 O-O 5.Bd3 c5 6.Nf3 d5 7.O-O dxc4 8.Bxc4 Nbd7
9.a3 cxd4 10.exd4 Bxc3 11.bxc3 Qc7 12.Qb3 b6 13.Bg5 Bb7 14.Bxf6 Nxf6 15.Ne5
Nd5 16.Bxd5 Bxd5 17.c4 Bb7 18.Rfe1 Rfd8 19.Rad1 Rac8 20.d5 f6 21.Nf3 exd5
22.cxd5 Qf7 23.Re6 Bxd5 24.Rxd5 Rxd5 {#R} 0-1

[Event "Ch DDR"]
[Site "masterchessopen.com Nordhausen (Germany)"]
[Round "0"]
[White "Knaak Rainer (GER)"]
[Black "Enders Peter (GER)"]
[Result "1-0"]
[WhiteElo "2505"]
[BlackElo "2454"]

1.d4 Nf6 2.c4 e6 3.Nc3 Bb4 4.e3 O-O 5.Bd3 d5 6.Nf3 c5 7.O-O dxc4 8.Bxc4 Nbd7
9.Qe2 a6 10.a3 cxd4 11.axb4 dxc3 12.bxc3 Qc7 13.Bb2 e5 14.Bb3 e4 15.Nd4 Ne5
16.h3 Re8 17.c4 Nd3 18.Ba3 Bd7 19.f4 b5 20.c5 a5 21.bxa5 b4 22.Bb2 Qxc5 23.a6
Rec8 24.Ra2 Nd5 25.Qh5 Be6 26.Nxe6 fxe6 27.Bd4 Qd6 28.Qg5 Qd7 29.f5 h6 30.fxe6
{#r} 1-0

[Event "?"]
[Site "masterchessopen.com Switzerland"]
[Round "0"]
[White "Lombard Andre (SUI)"]
[Black "Preissmann Emmanuel (SUI)"]
[Result "1-0"]
[WhiteElo "2350"]
[BlackElo "2286"]

1.d4 Nf6 2.c4 e6 3.Nc3 Bb4 4.e3 O-O 5.Bd3 d5 6.Nf3 c5 7.O-O dxc4 8.Bxc4 Nbd7
9.a3 cxd4 10.exd4 Bd6 11.Bg5 b5 12.Ba2 Qb6 13.Qd3 Bb7 14.Rad1 Qc7 15.d5 e5
16.Nh4 e4 17.Nxe4 Nxe4 18.Qxe4 Bxh2+ 19.Kh1 Be5 20.Nf5 Rfe8 21.Rfe1 Nc5 22.Qg4
Bc8 23.Bf6 g6 24.Nh6+ Kf8 25.Qg5 Nd7 26.d6 Qc5 27.Be7+ Kg7 28.Nxf7 Rxe7
29.dxe7 {#r} 1-0

[Event "It (open)"]
[Site "masterchessopen.com St. Ingbert (Germany)"]
[Round "4"]
[White "Schlichtmann Gisbert (GER)"]
[Black "Schneider Heiko (GER)"]
[Result "1-0"]
[WhiteElo "2204"]
[BlackElo "2212"]

1.d4 Nf6 2.c4 e6 3.Nc3 Bb4 4.e3 O-O 5.Bd3 c5 6.Nf3 d5 7.O-O dxc4 8.Bxc4 Nbd7
9.a3 cxd4 10.exd4 Bxc3 11.bxc3 Qc7 12.Qb3 b6 13.Bb2 Bb7 14.Be2 Rac8 15.Rac1
Qf4 16.c4 Ng4 17.g3 Qh6 18.h4 Qg6 19.Ng5 h6 20.Bxg4 hxg5 21.hxg5 Qxg5 22.Bf3
Bxf3 23.Qxf3 Rc7 24.Kg2 b5 25.Rh1 bxc4 26.Rh5 Qg6 27.Rch1 f6 28.d5 Nc5 29.dxe6
Nxe6 30.Rh8+ Kf7 31.Rxf8+ Nxf8 32.Qd5+ Ne6 33.Re1 f5 34.Re5 f4 35.Rf5+ Ke7
36.a4 fxg3 37.Ba3+ Ke8 38.Qa8+ Nd8 39.Rf8+ Kd7 40.Qd5+ Kc8 41.Rxd8# 1-0

[Event "Memorial Hodzhaev"]
[Site "masterchessopen.com Tashkent (Uzbekistan)"]
[Round "0"]
[White "Epishin Vladimir (GER)"]
[Black "Barsov Alexei (UZB)"]
[Result "1-0"]
[WhiteElo "2430"]
[BlackElo "2526"]

1.c4 e6 2.Nc3 Nf6 3.d4 Bb4 4.Nf3 c5 5.e3 O-O 6.Bd3 d5 7.O-O dxc4 8.Bxc4 Nbd7
9.Qe2 b6 10.Rd1 Bb7 11.Bd2 a6 12.a4 Qe7 13.Ne5 Rfd8 14.Rac1 h6 15.h3 cxd4
16.exd4 Nxe5 17.dxe5 Bxc3 18.Bxc3 Nd5 19.Bd2 Qh4 20.Qg4 Qxg4 21.hxg4 Bc6
22.Bb3 Rac8 23.f3 Ne7 24.Be3 Rxd1+ 25.Bxd1 Nd5 26.Kf2 Kf8 27.Bd2 Ke8 28.Rc4 b5
29.axb5 axb5 30.Rc5 Bd7 31.Rxc8+ Bxc8 32.f4 Bd7 33.Bf3 Ne7 34.Ke3 Bc6 35.Be2
Kd7 36.g3 Nd5+ 37.Kd4 Nb6 38.b3 {#r} 1-0